Quizzes
Events
Quiz Creation
Community
Videos
Private Events
Remove Ads
Sign In
Join for FREE
Feedback
Dark Mode
Quiz Categories
Sports
Geography
Music
Movies
Television
Just For Fun
Miscellaneous
History
Literature
Language
Science
Gaming
Entertainment
Religion
Holiday
For Kids
Quiz Lab
Recent
Popular Today
Quiz Kudos Today
Editor Picks
Curator Picks
Quizzes by...
Day
Popularity
Type
Ratings
Length
Year
Community
Subscriptions
Recent Discussions
Orange Saloon
Badges
Playlists
Quests
Create
Leaderboards
Showdown
Live 5
Trivia Bingo
Activity
Puzzle Library
Sporcle Events
Private Events
Virtual Trivia
Globe League
Become a Host
Pub Owners
SporcleCon
Opinionation
Our Games
Videos
Blog
Mobile Apps
Partnerships
Remove Ads and Go Orange
Feedback
Entertainment
Celebrity
Famous
Musical
Broadway
Show
Quote
Comic Books
Anime
Superhero
DC Comics
Marvel
Cartoons
Animation
Entertainment
Celebrity
Famous
Musical
Broadway
Show
Quote
Comic Books
Anime
Superhero
DC Comics
Marvel
Cartoons
Animation
Random Quiz
Search Sporcle
×
Quiz Lab
Quiz Lab
Entertainment
Sporcle
Type in answers that appear in a list
Type in answers that appear in a list
Classic
Best Score? Go Orange.
Buchy Memorial Sporcle Stats
Can you name the Buchy Memorial Sporcle?
By
martyb
10m
23 Questions
114 Plays
114 Plays
114 Plays
Comments
Comments
Give Quiz Kudos
Give Quiz Kudos
-
- Ratings
hide this ad
Replay
Link that replays current quiz
Next Quiz
Link to next quiz in quiz playlist
You Got
0%
They Got
Avg Score
34%
Avg Friend Score
Upgrade to see
Score Distribution
Jump to the score distribution portion of the page
Score
0/23
Timer
10:00
0
Plays Today
Hint
Answer
% Correct
Favorite animal
cat
83.3%
Religion
Judaism
61.4%
Leaves an odor of what on essays
cigar
58.8%
Percentage of teachers that make fun of him
100
57%
Favorite TV show
Seinfeld
49.1%
Alumni of this college
Grinnell
43.9%
Least favorite president
Ronald Reagan
37.7%
Arch enemy
Campanelli
35.1%
Worst joke
bacon's rebellion
34.2%
Method of transportation between Long Island and college
hitchhiking
32.5%
Second favorite TV show
West Wing
30.7%
Favorite documentary
New York Series
28.9%
Hint
Answer
% Correct
License plate
40 mpg
28.1%
Favorite hobby
bicycling
26.3%
favorite band
John Adams and the Midnight Judges
25.4%
What is an essay like?
woman's skirt
24.6%
Favorite cuisine
Kosher Deli
23.7%
Leader of what organization
Rails for Trails
22.8%
Favorite book
On the Road
22.8%
Skill
pen twirling
22.8%
Thousands of dollars were lost on a house in a small upstate town named
Margaretville
20.2%
Favorite architect
Art Vandelay
16.7%
Life goal
visit highest point in each state
8.8%
Quiz Playlist
Details
Report
Send in Message
Add To Playlist
Classic:
Type in answers that appear in a list
Last Updated: Feb 16, 2017
Quiz Scoreboard
CHALLENGE
Sign Up to Join the Scoreboard
Show All
Scores
Hide
Comments
May contain spoilers
Recently Published
9x9 Crossword: Cartoon Network
by jackfrog10
Miscellaneous
3m
College Basketball Coaching Resumes
by pancakes188
Sports
9m
Billboard Blitz: Fleetwood Mac
by CooCooCachoo
Music
15s
More to Explore
Quiz From the Vault
Featured Blog Post
Where Did the Easter Bunny Come From?
hide this ad
You Might Also Like...
Tags
Sporcle Quiz
memorial
Today's Top Quizzes in Entertainment
Browse Entertainment
hide this ad
Today's Top Quizzes in Sporcle
Browse Sporcle
Top Contributed Quizzes in Entertainment
1
7-to-1: DC Comics Villains
2
Marvel Characters Bunker
3
Eurovision 2023 Logic Puzzle
4
Dragon Ball Z: Goku's Fights in Order
5
Sorting Pictures: Villains
6
Criteria Quickie: Cartoon Taxonomy II
7
Mini Trivia Sudoku: Musicals
8
Kamen Rider Motifs
9
Fictional Villains Letter U Blitz
10
7-to-1: One Piece
Explore More
Trending Topics
Crossword
Disney
NBA
Harry Potter
Kpop
Marvel
Anime
Country
NFL
Puzzle
The Office
Song
Pokémon
WWE
Soccer
hide this ad
More By:
martyb
Quiz
Plays
Rating
Category
Featured
Created
Buchy Memorial Sporcle
114
5.00
Entertainment
Jan 9, 2010
Go to Creator's Profile
Score Distribution
Quiz Creator Spotlight
martyb
Follow
Send a Message
Quizzes Created
-
Created Quiz Play Count
-
More By This Creator
Popular Quizzes Today
1
Find the US States - No Outlines Minefield
2
Find the Countries of Europe - No Outlines Minefield
3
The Countries of the World
4
Find the US States
5
Risky Map Clicking: Biggest States A-Z
6
US States
7
Popular People in 1961
8
Movies - When Are They Set?
More Entertainment Quizzes
Find the K-Pop Idols by their eyes 👀
Quiz Lab
Trending Quizzes
Risky Map Clicking: Least Populous States A-Z
1-10 Letter G Words
1-10 Letter F Words
Risky Map Clicking: Next State Alphabetically
Adjectives in 80s TV Shows
Recently Updated
Leaping Animals
pecheneg
Reality TV Shows (A-Z)
bhenderson79
Rickey Henderson's Hall of Fame Teammates
pecheneg
Champions League XIs: Arsenal
pecheneg
Quick Pick: Celebrities in WWE's Hall of Fame
aduchscher
A-Z Keypad Blitz II
pecheneg
Multiple Oscar Actors
pecheneg
Mystery Phrase Blitz: Oscar 'Best Actors'
pecheneg
F. Scott Fitzgerald Novels
LTH
Pick 3 Villains
ddd62291
Trending Topics
Anime
Harry Potter
Disney
NBA
Marvel
Crossword
Kpop
Pokémon
Song
Puzzle
WWE
Soccer
The Office
NFL
Country
Your Account Isn't Verified!
In order to create a playlist on Sporcle, you need to verify the email address you used during registration. Go to your
Sporcle Settings
to finish the process.
Report this User
Report this user for behavior that violates our
Community Guidelines
.
Details:
Send Report
Go to the Sporcle.com Mobile Site →
Comments